| 000 | 00951nam a2200289Ia 4500 | ||
|---|---|---|---|
| 001 | F0264 | ||
| 003 | IT-RoPAU | ||
| 008 | 130308s9999 xx 000 0 und d | ||
| 040 | _aIT-RoPAU | ||
| 040 | _cIT-RoPAU | ||
| 041 | _aINGLESE | ||
| 100 | _aHeath Christian C. | ||
| 100 | _gCodice Aut. SPICS: 19543 | ||
| 245 | _aAnalysis of Activities in Face to Face Interaction Using Video (The) | ||
| 245 | _bQualitative Research-Theory, Method And Practice | ||
| 250 | _a1a ed. | ||
| 260 | _aLONDON | ||
| 260 | _bSage Publications Ltd | ||
| 260 | _c1997 [1° Ed.:1997 - Ed.Ling.Originale:1997] | ||
| 300 | _a"18 p. (prefazione: no ; testo: 18 [pagine: 183-200])" | ||
| 500 | _aAnalisi delle Attività nell'interazione faccia a faccia Usando Il Video. Movimento del Corpo: Analisi di Alcuni Casi. | ||
| 650 | _aSOCIOLOGIA DELLA COMUNICAZIONE SOCIALE | ||
| 650 | _eCodice materia Spics: 3806 | ||
| 942 | _cBK | ||
| 957 | _71 | ||
| 999 |
_c80039 _d80039 |
||
| 999 | _g1 | ||